[Event "Bundesliga B Mitte 2011/12"]
[Site "masterchessopen.com Austria"]
[Date "2011.10.21"]
[Round "1"]
[White "Waldmann Gerald (AUT)"]
[Black "Pesorda Ivan (AUT)"]
[Result "0-1"]
[WhiteElo "2208"]
[BlackElo "2278"]

1.e4 c5 2.Nf3 e6 3.d4 cxd4 4.Nxd4 Nf6 5.Nc3 d6 6.f4 Nc6 7.Be3 Be7 8.Qf3 O-O
9.O-O-O Qc7 10.Rg1 Nxd4 11.Rxd4 e5 12.Rc4 Qd8 13.f5 b5 14.Nxb5 d5 15.exd5 Bb7
16.Qh3 Nxd5 17.Bd2 Qb6 18.Rh1 Nf4 19.Bxf4 exf4 20.Nc3 Bf6 21.Bd3 Rac8 22.Re1
Qf2 23.Re2 Qf1+ 24.Kd2 Rxc4 25.Bxc4 f3 {#R} 0-1

[Event "It (open) (b)"]
[Site "masterchessopen.com Krakow (Poland)"]
[Date "2012.01.02"]
[Round "6"]
[White "Chmiel Marcin (POL)"]
[Black "Reza Wojciech"]
[Result "1-0"]
[WhiteElo "1906"]
[BlackElo "2073"]

1.e4 c5 2.Nf3 e6 3.d4 cxd4 4.Nxd4 Nf6 5.Nc3 d6 6.f4 Nc6 7.Be3 Qc7 8.Qf3 a6
9.O-O-O Bd7 10.g4 Nxd4 11.Rxd4 Bc6 12.g5 Nd7 13.Qg3 Nc5 14.Kb1 b5 15.Qg4 Qb7
16.f5 b4 17.Ne2 Bxe4 18.fxe6 fxe6 19.Rg1 {#r} 1-0

[Event "It (open) \"]
[Site "masterchessopen.com Barcelona (Spain)"]
[Date "2012.05.02"]
[Round "7"]
[White "Sanchez Perales Ezequiel (ESP)"]
[Black "Pares Peris Jordi (ESP)"]
[Result "1-0"]
[WhiteElo "2112"]
[BlackElo "2149"]

1.e4 c5 2.Nf3 d6 3.d4 cxd4 4.Nxd4 Nf6 5.Nc3 e6 6.f4 Be7 7.Qf3 a6 8.Be3 Qc7
9.O-O-O e5 10.Nf5 Bxf5 11.exf5 O-O 12.g4 Re8 13.g5 e4 14.Qg2 Nfd7 15.Nd5 Qa5
16.Bc4 g6 17.fxg6 hxg6 18.Qh3 {#r} 1-0

[Event "It \"]
[Site "masterchessopen.com Golden Sands (Bulgaria)"]
[Date "2012.06.04"]
[Round "1"]
[White "Nabaty Tamir (ISR)"]
[Black "Ilic Slobodan S (BIH)"]
[Result "1-0"]
[WhiteElo "2553"]
[BlackElo "2218"]

1.e4 c5 2.Nf3 e6 3.d4 cxd4 4.Nxd4 Nf6 5.Nc3 d6 6.f4 a6 7.Qf3 Be7 8.Be3 Qc7
9.g4 Nc6 10.g5 Nd7 11.O-O-O O-O 12.h4 Nxd4 13.Bxd4 b5 14.a3 Bb7 15.Bh3 Nc5
16.f5 exf5 17.Bxf5 Ne6 18.Bf6 g6 19.Bg4 Nc5 20.Qf4 Rae8 21.h5 Nxe4 22.hxg6
Bxf6 23.gxh7+ Kh8 24.gxf6 Qc5 25.Nd5 Qf2 26.Qh6 {#r} 1-0

[Event "Cup Russia (open)"]
[Site "masterchessopen.com Vladivostok (Russia)"]
[Date "2012.09.24"]
[Round "8"]
[White "Semeniuk Alexander A (RUS)"]
[Black "Kurnosov Igor (RUS)"]
[Result "1-0"]
[WhiteElo "2417"]
[BlackElo "2660"]

1.e4 c5 2.Nf3 e6 3.d4 cxd4 4.Nxd4 Nf6 5.Nc3 d6 6.f4 Be7 7.Bb5+ Nfd7 8.f5 e5
9.Ne6 fxe6 10.Qh5+ Kf8 11.fxe6 Qe8 12.O-O+ Bf6 13.exd7 Bxd7 14.Rxf6+ gxf6
15.Qh6+ Kf7 16.Nd5 Qe6 17.Be2 {#r} 1-0